000 00767nam a2200253 i 4500
003 DO-SdBNP
005 20251126132628.0
007 ta
008 251126b200? dr a|||| |||| 00| 0 spa d
040 _aDO-SdBNP
_bspa
_cBNPHU
_erda
041 _aspa
082 4 _axxx
_bxxx
_222
100 _aOliva, Daisy
_eautor
_4aut.
_988831
245 0 0 _aFé, romance y mundo /
_cDaisy Oliva
264 1 _aSanto Domingo :
_beditor no identificado,
_c200?.
300 _a84 páginas :
_bilustraciones,
_c23 cm.
336 _atexto
_btxt
_2rdacontent
337 _asin mediación
_bn
_2rdamedia
338 _avolumen
_bnc
_2rdacarrier
500 _aIncluye datos biográficos del autor en la página 83
590 _aInventariado, 2025/BT
910 _aBtavárez
942 _2ddc
_cLBS1
999 _c60076
_d60076